| 000 | 003980000a22001690004500 | ||
|---|---|---|---|
| 003 | MACL | ||
| 005 | 20160130143124.0 | ||
| 008 | 160130b xxu||||| |||| 00| 0 eng d | ||
| 040 |
_aMACL _cMACL |
||
| 041 | _aEnglish | ||
| 082 | _a823/FRF | ||
| 100 |
_aFrederick _936138 |
||
| 245 | _aNo Comebacks | ||
| 260 |
_bCorgi Books _c1982 _aBritain |
||
| 650 |
_aFiction _936139 |
||
| 942 |
_cBK _k823/Fre _2ddc |
||
| 999 |
_c32244 _d32244 |
||